| 000 | 00639nam a22002177a 4500 | ||
|---|---|---|---|
| 003 | OSt | ||
| 005 | 20160816125314.0 | ||
| 008 | 160816b xxu||||| |||| 00| 0 eng d | ||
| 020 | _a0727916785 | ||
| 040 | _c040a | ||
| 082 |
_aWB 100 _bA31p 2003 |
||
| 245 |
_aABC of learning and teaching in medicine / _cPeter Cantillon, Linda Hutchinsson, Diana Wood |
||
| 260 |
_aLondon _bBMJ Books _c2003 |
||
| 300 |
_avii, 51p; _bcol.ll : _c30 cm. |
||
| 504 | _aIncludes index | ||
| 650 |
_aTeaching medicine _910677 |
||
| 700 |
_aCantillon, Peter _910678 |
||
| 700 |
_aHutchinson, Linda _910679 |
||
| 700 |
_aWood, Diana _910680 |
||
| 942 |
_2z _cO_SHELF |
||
| 999 |
_c4989 _d4989 |
||